| 000 | 00974nam a2200217Ii 4500 | ||
|---|---|---|---|
| 003 | JO-AjNU | ||
| 008 | 230605s9999||||xx |||||||||||||| ||und|| | ||
| 017 | _a2006/2/337 | ||
| 040 |
_aJO-AjNU _bara _erda _cJO-AjNU |
||
| 041 | _aara | ||
| 050 | 1 | 4 | _aDS153.3.F3664 2009 |
| 100 | 3 |
_aالفقير، نوح مصطفى, _eauthor _951039 |
|
| 245 | 0 | 0 | _aالأنبياء والصحابة الشهداء والخلفاء والمعالم الدينية الإسلامية والعلماء الذين ولدوا أو عاشوا لغاية 1350 هجري في المملكة الأردنية الهاشمية |
| 250 | _aط3(طبعة مزيدة ومنقحة) | ||
| 264 | 3 | 1 | _aعمان: المؤلف، 2009 |
| 300 |
_a405ص _bخرائط وصور توضيحية |
||
| 336 |
_atext _btxt _2rdacontent |
||
| 337 |
_aunmediated _bn _2rdamedia |
||
| 338 |
_avolume _bnc _2rdacarrier |
||
| 650 | 4 |
_aالانبياء - الصحابة - التاريخ الاسلامي - الاردن _951040 |
|
| 999 |
_aA22520 _c26088 _d26088 |
||